El arte de la prosa en Juan Montalvo. (Record no. 4691)
[ view plain ]
| 000 -CABECERA | |
|---|---|
| campo de control de longitud fija | 00833cam a2200217 a 4500 |
| 001 - NÚMERO DE CONTROL | |
| campo de control | 000004885 |
| 005 - FECHA Y HORA DE LA ÚLTIMA TRANSACCIÓN | |
| campo de control | 20200929151527.0 |
| 008 - DATOS DE LONGITUD FIJA--INFORMACIÓN GENERAL | |
| campo de control de longitud fija | 770825s1948 mx 001 0dspa |
| 040 ## - FUENTE DE LA CATALOGACIÓN | |
| Centro/agencia transcriptor | BNPHU |
| Lengua de catalogación | spa |
| Centro/agencia transcriptor | BNPHU |
| Centro catalogador/agencia de origen | DO-SdBNP |
| 082 ## - NÚMERO DE LA CLASIFICACIÓN DECIMAL DEWEY | |
| Número de clasificación | E860.4 |
| -- | I32 |
| 100 1# - ENTRADA PRINCIPAL--NOMBRE DE PERSONA | |
| Nombre de persona | Anderson Imbert, Enrique, |
| Fechas asociadas al nombre | 1910-2000. |
| 9 (RLIN) | 14134 |
| 245 13 - MENCIÓN DE TÍTULO | |
| Título | El arte de la prosa en Juan Montalvo. |
| 260 ## - PUBLICACIÓN, DISTRIBUCIÓN, ETC. | |
| Lugar de publicación, distribución, etc. | [Mexico] : |
| Nombre del editor, distribuidor, etc. | El Colegio de Mexico, |
| Fecha de publicación, distribución, etc. | [1948]. |
| 300 ## - DESCRIPCIÓN FÍSICA | |
| Extensión | 236 p. ; |
| Dimensiones | 23 cm. |
| 490 1# - MENCIÓN DE SERIE | |
| Mención de serie | Centro de Estudios Literarios de El Colegio de Mexico 9 |
| Designación de volumen o secuencia | 9 |
| 504 ## - NOTA DE BIBLIOGRAFÍA, ETC. | |
| Nota de bibliografía, etc. | "Cuadro bio-bibliográfico": p. 219-225. "Bibliografía crítica": p. 226-229. |
| 600 14 - PUNTO DE ACCESO ADICIONAL DE MATERIA--NOMBRE DE PERSONA | |
| Nombre de persona | MONTALVO, JUAN, |
| Fechas asociadas al nombre | 1833-1889. |
| Subdivisión general | CRÍTICA E INTREPRETACIÓN |
| 9 (RLIN) | 14135 |
| 650 #4 - PUNTO DE ACCESO ADICIONAL DE MATERIA--TÉRMINO DE MATERIA | |
| Término de materia o nombre geográfico como elemento de entrada | Literatura ecuatoriana |
| Subdivisión general | Historia y crítica |
| 9 (RLIN) | 3931 |
| 650 #4 - PUNTO DE ACCESO ADICIONAL DE MATERIA--TÉRMINO DE MATERIA | |
| Término de materia o nombre geográfico como elemento de entrada | Arte y literatura |
| 9 (RLIN) | 652 |
| 650 #4 - PUNTO DE ACCESO ADICIONAL DE MATERIA--TÉRMINO DE MATERIA | |
| Término de materia o nombre geográfico como elemento de entrada | Ensayos ecuatorianos |
| 9 (RLIN) | 3909 |
| Estado de retiro | Estado de pérdida | Restricciones de uso | No para préstamo | Código de colección | Localización permanente | Ubicación/localización actual | Ubicación en estantería | Fecha de adquisición | Número de inventario | Total de préstamos | Signatura topográfica completa | Código de barras | Fecha visto por última vez | Precio válido a partir de | Tipo de ítem Koha |
|---|---|---|---|---|---|---|---|---|---|---|---|---|---|---|---|
| Préstamo interno | Monografías: Libros y Folletos | General | General | En catalogación | 27.07.2009 | LF1 | E860.4 I32 | 4885-10 | 25.06.2020 | 25.06.2020 | Préstamo interno |
